000 00637nac a22001811u 4500
020 _a0074517015
020 _a0074517015
082 0 0 _a621.381
_bJ254
090 _c900
_d900
100 _aJain, R. P.
245 1 0 _aDigital electronics and microprocssors :
_cR.P. Jain.
_bProblems and solutions /
260 _aNew Delhi :
_bTata McGraw-Hill,
_c2001.
300 _a524 p. :
_bill. ;
_c24 cm.
500 _aIncludes index.
650 0 _aDigital electronics.
942 _cBB
_k621.381J254
999 _c900
_d900